Tíz hektár az ifjúságnak Iskolában, de nem iskolásan /
Elmentve itt :
| Szerző: | |
|---|---|
| Dokumentumtípus: | Cikk |
| Megjelent: |
1986-05-09
|
| Sorozat: | Délmagyarország
76 No. 108 |
| Kulcsszavak: | KISZ-oktatás |
| Online Access: | http://dmarchiv.bibl.u-szeged.hu/113539 |
| LEADER | 00482nab a2200157 i 4500 | ||
|---|---|---|---|
| 001 | delm113539 | ||
| 005 | 20190916081153.0 | ||
| 008 | 190916s1986 hu o 0|| hun d | ||
| 040 | |a SZTE Délmagyarország Archívum |b hun | ||
| 041 | |a hun | ||
| 100 | 1 | |a Bátyi Zoltán | |
| 245 | 1 | 0 | |a Tíz hektár az ifjúságnak |h [elektronikus dokumentum] : |b Iskolában, de nem iskolásan / |c Bátyi Zoltán |
| 260 | |c 1986-05-09 | ||
| 300 | |a 5 | ||
| 490 | 0 | |a Délmagyarország |v 76 No. 108 | |
| 695 | |a KISZ-oktatás | ||